[Event "DVM U12 2019"]
[Site "Magdeburg GER"]
[Date "2019.12.29"]
[Round "5"]
[White "Fuhrmann, Bahne"]
[Black "von Mettenheim, Johannes"]
[Result "0-1"]
[Termination "normal"]
[Board "1.1"]
[WhiteElo "1603"]
[BlackElo "1971"]
[WhiteClock "00:38:54"]
[BlackClock "00:46:57"]
[WhiteTeam "Hamburger SK"]
[BlackTeam "Schachzentrum Bemerode"]
[PlyCount "52"]
[WhiteFideId "16244842"]
[BlackFideId "16244818"]
[EventCountry "GER"]
[EventRounds "7"]
[EventType "team-swiss"]
[EventDate "2019.12.26"]

1. e4 {[%clk 1:30:59]} c6 {[%clk 1:30:56]} 2. d4 {[%clk 1:31:26]} d5 {[%clk
1:31:22]} 3. e5 {[%clk 1:31:53]} c5 {[%clk 1:31:48]} 4. dxc5 {[%clk 1:32:19]}
Nc6 {[%clk 1:32:13]} 5. a3 {[%clk 1:32:36]} Nxe5 {[%clk 1:31:34]} 6. b4 {[%clk
1:32:48]} Nf6 {[%clk 1:31:37]} 7. Bb2 {[%clk 1:32:51]} Ned7 {[%clk 1:30:40]} 8.
c4 {[%clk 1:28:43]} dxc4 {[%clk 1:26:52]} 9. Bxc4 {[%clk 1:27:46]} Qc7 {[%clk
1:27:05]} 10. Nf3 {[%clk 1:25:15]} b6 {[%clk 1:24:59]} 11. Qb3 {[%clk 1:21:47]}
e6 {[%clk 1:25:18]} 12. Bxe6 {[%clk 1:20:09]} fxe6 {[%clk 1:25:35]} 13. Qxe6+
{[%clk 1:20:34]} Be7 {[%clk 1:24:41]} 14. Ng5 {[%clk 1:09:09]} Rf8 {[%clk
1:21:25]} 15. Qe2 {[%clk 1:02:21]} Qc6 {[%clk 1:15:40]} 16. O-O {[%clk
0:53:22]} Bb7 {[%clk 1:11:58]} 17. f3 {[%clk 0:51:17]} Nxc5 {[%clk 0:54:03]}
18. Re1 {[%clk 0:48:03]} O-O-O {[%clk 0:54:09]} 19. bxc5 {[%clk 0:45:51]} Qxc5+
{[%clk 0:54:10]} 20. Kf1 {[%clk 0:43:50]} Qxg5 {[%clk 0:53:57]} 21. Qxe7 {[%clk
0:42:25]} Ba6+ {[%clk 0:49:57]} 22. Kf2 {[%clk 0:38:54]} Ng4+ {[%clk 0:46:57]}
23. Kg3 Qf4+ 24. Kh3 Qxh2+ 25. Kxg4 Rf4+ 26. Kg5 Qh4# 0-1

[Event "DVM U12 2019"]
[Site "Magdeburg GER"]
[Date "2019.12.29"]
[Round "5"]
[White "Bungarten, Jona"]
[Black "Nitsche, Nikolai"]
[Result "1-0"]
[Termination "normal"]
[Board "2.1"]
[WhiteElo "1750"]
[BlackElo "1808"]
[WhiteClock "01:02:23"]
[BlackClock "00:45:55"]
[WhiteTeam "Schachfreunde Brackel 1930 e. V."]
[BlackTeam "SV Empor Berlin e.V."]
[PlyCount "48"]
[WhiteFideId "16223608"]
[BlackFideId "16221036"]
[EventCountry "GER"]
[EventRounds "7"]
[EventType "team-swiss"]
[EventDate "2019.12.26"]

1. e4 {[%clk 1:30:59]} e6 {[%clk 1:30:44]} 2. d4 {[%clk 1:31:15]} d5 {[%clk
1:30:59]} 3. Nd2 {[%clk 1:31:37]} Nf6 {[%clk 1:31:07]} 4. e5 {[%clk 1:32:00]}
Nfd7 {[%clk 1:31:22]} 5. f4 {[%clk 1:32:17]} c5 {[%clk 1:31:30]} 6. c3 {[%clk
1:32:39]} Nc6 {[%clk 1:31:30]} 7. Ndf3 {[%clk 1:32:53]} Qb6 {[%clk 1:31:12]} 8.
g3 {[%clk 1:33:09]} cxd4 {[%clk 1:29:50]} 9. cxd4 {[%clk 1:33:28]} Bb4+ {[%clk
1:30:05]} 10. Kf2 {[%clk 1:33:44]} f6 {[%clk 1:30:02]} 11. Kg2 {[%clk 1:33:58]}
O-O {[%clk 1:29:37]} 12. Bd3 {[%clk 1:33:57]} Qc7 {[%clk 1:18:51]} 13. Be3
{[%clk 1:30:12]} Nb6 {[%clk 1:15:10]} 14. Rc1 {[%clk 1:29:05]} a5 {[%clk
1:12:26]} 15. h4 {[%clk 1:28:49]} Nc4 {[%clk 0:56:08]} 16. Bxc4 {[%clk
1:24:32]} dxc4 {[%clk 0:56:25]} 17. Rxc4 {[%clk 1:24:46]} b5 {[%clk 0:51:20]}
18. Rc2 {[%clk 1:24:03]} fxe5 {[%clk 0:50:03]} 19. Nxe5 {[%clk 1:23:29]} Bb7
{[%clk 0:49:37]} 20. d5 {[%clk 1:15:26]} exd5 {[%clk 0:49:39]} 21. Qxd5+ {[%clk
1:12:51]} Kh8 {[%clk 0:49:59]} 22. Rxc6 {[%clk 1:09:14]} Rac8 {[%clk 0:47:51]}
23. a3 {[%clk 1:05:01]} Be7 {[%clk 0:45:58]} 24. h5 {[%clk 1:02:23]} Bxc6
{[%clk 0:45:55]} 1-0

[Event "DVM U12 2019"]
[Site "Magdeburg GER"]
[Date "2019.12.29"]
[Round "5"]
[White "Freude, Max"]
[Black "Tomasjan, Samuel"]
[Result "1/2-1/2"]
[Termination "normal"]
[Board "2.2"]
[WhiteElo "1809"]
[BlackElo "1662"]
[WhiteClock "00:12:19"]
[BlackClock "00:15:14"]
[WhiteTeam "SV Empor Berlin e.V."]
[BlackTeam "Schachfreunde Brackel 1930 e. V."]
[PlyCount "98"]
[WhiteFideId "16236157"]
[BlackFideId "16235584"]
[EventCountry "GER"]
[EventRounds "7"]
[EventType "team-swiss"]
[EventDate "2019.12.26"]

1. e4 {[%clk 1:30:59]} e6 {[%clk 1:30:53]} 2. d4 {[%clk 1:28:47]} d5 {[%clk
1:31:14]} 3. Nd2 {[%clk 1:29:09]} dxe4 {[%clk 1:31:16]} 4. Nxe4 {[%clk
1:29:32]} Nd7 {[%clk 1:31:41]} 5. Nf3 {[%clk 1:29:54]} Ngf6 {[%clk 1:32:01]} 6.
Nxf6+ {[%clk 1:30:18]} Nxf6 {[%clk 1:32:21]} 7. Bg5 {[%clk 1:30:36]} Be7 {[%clk
1:31:59]} 8. Bd3 {[%clk 1:30:58]} h6 {[%clk 1:30:52]} 9. Bh4 {[%clk 1:26:52]}
O-O {[%clk 1:28:33]} 10. Qe2 {[%clk 1:24:48]} a5 {[%clk 1:26:51]} 11. c3 {[%clk
1:22:47]} c6 {[%clk 1:24:23]} 12. O-O {[%clk 1:20:46]} Nd5 {[%clk 1:19:14]} 13.
Bxe7 {[%clk 1:18:29]} Qxe7 {[%clk 1:19:00]} 14. g3 {[%clk 1:16:25]} b5 {[%clk
1:15:16]} 15. Ne5 {[%clk 1:13:29]} Qd6 {[%clk 1:07:41]} 16. Rfe1 {[%clk
1:04:15]} f6 {[%clk 1:03:54]} 17. Ng6 {[%clk 0:56:14]} Re8 {[%clk 1:03:11]} 18.
Qe4 {[%clk 0:54:32]} f5 {[%clk 0:56:53]} 19. Qe5 {[%clk 0:54:33]} Qxe5 {[%clk
0:55:26]} 20. Nxe5 {[%clk 0:54:51]} Bb7 {[%clk 0:55:13]} 21. Nd7 {[%clk
0:52:36]} Rad8 {[%clk 0:51:00]} 22. Nc5 {[%clk 0:52:26]} Bc8 {[%clk 0:51:10]}
23. Rad1 {[%clk 0:44:37]} b4 {[%clk 0:44:40]} 24. c4 {[%clk 0:40:32]} Nb6
{[%clk 0:42:49]} 25. Bf1 {[%clk 0:40:03]} Rd6 {[%clk 0:38:04]} 26. Ne4 {[%clk
0:36:06]} Rdd8 {[%clk 0:33:31]} 27. c5 {[%clk 0:35:14]} Na4 {[%clk 0:29:29]}
28. Nd6 {[%clk 0:34:49]} Nxb2 {[%clk 0:24:24]} 29. Rb1 {[%clk 0:33:57]} Rxd6
{[%clk 0:24:10]} 30. cxd6 {[%clk 0:34:21]} Na4 {[%clk 0:23:53]} 31. a3 {[%clk
0:32:46]} bxa3 {[%clk 0:05:43]} 32. Ra1 {[%clk 0:30:11]} Rd8 {[%clk 0:04:29]}
33. Rxa3 {[%clk 0:30:06]} Nb6 {[%clk 0:04:41]} 34. Rb1 {[%clk 0:29:28]} Nd5
{[%clk 0:04:03]} 35. Rb8 {[%clk 0:29:02]} Rf8 {[%clk 0:03:03]} 36. Rxa5 {[%clk
0:28:42]} Bd7 {[%clk 0:03:10]} 37. Rxf8+ {[%clk 0:19:05]} Kxf8 {[%clk 0:03:39]}
38. Kg2 {[%clk 0:17:45]} Nb6 {[%clk 0:03:12]} 39. Ra7 {[%clk 0:16:57]} Ke8
{[%clk 0:02:32]} 40. Kf3 {[%clk 0:15:08]} Nc8 {[%clk 0:02:15]} 41. Ra8 {[%clk
0:15:01]} Kf7 {[%clk 0:02:06]} 42. Ke3 {[%clk 0:04:32]} Nxd6 {[%clk 0:01:20]}
43. Bg2 {[%clk 0:01:40]} Nb5 {[%clk 0:27:52]} 44. Ra6 {[%clk 0:28:30]} Nc3
{[%clk 0:23:20]} 45. Bxc6 {[%clk 0:22:24]} Bxc6 {[%clk 0:23:30]} 46. Rxc6
{[%clk 0:22:46]} Nd5+ {[%clk 0:23:54]} 47. Kf3 {[%clk 0:20:32]} Kf6 {[%clk
0:17:06]} 48. h3 {[%clk 0:15:33]} g6 {[%clk 0:15:14]} 49. h4 {[%clk 0:12:19]}
Ke5 1/2-1/2

[Event "DVM U12 2019"]
[Site "Magdeburg GER"]
[Date "2019.12.29"]
[Round "5"]
[White "Freude, Paul"]
[Black "Butusov, Maxim"]
[Result "1-0"]
[Termination "normal"]
[Board "2.4"]
[WhiteElo "1491"]
[BlackElo "1222"]
[WhiteClock "01:09:32"]
[BlackClock "01:29:07"]
[WhiteTeam "SV Empor Berlin e.V."]
[BlackTeam "Schachfreunde Brackel 1930 e. V."]
[PlyCount "47"]
[WhiteFideId "16280717"]
[BlackFideId "16264320"]
[EventCountry "GER"]
[EventRounds "7"]
[EventType "team-swiss"]
[EventDate "2019.12.26"]

1. e4 {[%clk 1:30:58]} e5 {[%clk 1:30:56]} 2. Nf3 {[%clk 1:31:22]} Nc6 {[%clk
1:31:16]} 3. d4 {[%clk 1:31:42]} exd4 {[%clk 1:31:40]} 4. Bc4 {[%clk 1:32:06]}
Nf6 {[%clk 1:31:27]} 5. O-O {[%clk 1:32:23]} Bc5 {[%clk 1:30:44]} 6. e5 {[%clk
1:28:44]} d5 {[%clk 1:31:09]} 7. Bb5 {[%clk 1:29:02]} a6 {[%clk 1:29:43]} 8.
Bxc6+ {[%clk 1:28:55]} bxc6 {[%clk 1:29:57]} 9. exf6 {[%clk 1:29:07]} Qxf6
{[%clk 1:29:09]} 10. Re1+ {[%clk 1:28:13]} Be6 {[%clk 1:29:29]} 11. a3 {[%clk
1:25:41]} O-O {[%clk 1:29:37]} 12. Nbd2 {[%clk 1:25:23]} Bg4 {[%clk 1:29:43]}
13. Rb1 {[%clk 1:22:44]} Bxf3 {[%clk 1:29:36]} 14. Nxf3 {[%clk 1:22:23]} Rab8
{[%clk 1:29:51]} 15. b4 {[%clk 1:21:58]} Ba7 {[%clk 1:30:16]} 16. Bb2 {[%clk
1:21:17]} c5 {[%clk 1:29:19]} 17. bxc5 {[%clk 1:19:36]} Bxc5 {[%clk 1:29:41]}
18. Qd3 {[%clk 1:15:20]} Qb6 {[%clk 1:29:27]} 19. Nxd4 {[%clk 1:12:15]} Bxa3
{[%clk 1:28:58]} 20. Qxa3 {[%clk 1:11:56]} Rfe8 {[%clk 1:28:58]} 21. Rxe8+
{[%clk 1:11:38]} Rxe8 {[%clk 1:29:21]} 22. Qc3 {[%clk 1:10:47]} c5 {[%clk
1:28:59]} 23. Nb3 {[%clk 1:09:32]} c4 {[%clk 1:29:07]} 24. Qxg7# 1-0

[Event "DVM U12 2019"]
[Site "Magdeburg GER"]
[Date "2019.12.29"]
[Round "5"]
[White "Udelnov, Valentin"]
[Black "Kageler, Anton Paul"]
[Result "0-1"]
[Termination "normal"]
[Board "4.1"]
[WhiteElo "1416"]
[BlackElo "1777"]
[WhiteTeam "Schachzwerge Magdeburg"]
[BlackTeam "SV Roter Turm Halle"]
[PlyCount "118"]
[WhiteFideId "16265734"]
[BlackFideId "16244850"]
[EventCountry "GER"]
[EventRounds "7"]
[EventType "team-swiss"]
[EventDate "2019.12.26"]

1. e4 c5 2. Nf3 d6 3. d4 cxd4 4. Nxd4 Nf6 5. Nc3 g6 6. Be3 Bg7 7. f3 O-O 8. Qd2
Nc6 9. Bc4 Bd7 10. O-O-O Rc8 11. Bb3 Nxd4 12. Bxd4 b5 13. Nd5 Nxd5 14. Bxg7
Kxg7 15. exd5 a5 16. a3 b4 17. axb4 axb4 18. Qxb4 Rc5 19. Rhe1 Re8 20. Rd3 Bf5
21. Rde3 Qc7 22. Qd4+ Kg8 23. Rc3 Qa5 24. Kd2 Bd7 25. Ree3 Bb5 26. h4 Ba6 27.
Re1 Bb7 28. Ke2 Qb5+ 29. Kf2 Rxc3 30. bxc3 Qa5 31. Kg3 Qc7 32. f4 Rc8 33. Re3
Ba6 34. h5 f6 35. hxg6 hxg6 36. Kh2 Kg7 37. Qe4 Rh8+ 38. Kg1 Kf7 39. Qe6+ Kf8
40. c4 Bc8 41. Qe4 Bf5 42. Qd4 Qa5 43. Qd1 Rh4 44. Qd4 Kf7 45. c5 dxc5 46. d6+
e6 47. Qd1 Rxf4 48. d7 Rd4 49. Qe2 Qb6 50. Qf2 Rxd7 51. Qh4 Kg7 52. g4 c4 53.
Kf2 cxb3 54. gxf5 exf5 55. Ke2 b2 56. Rh3 Qe6+ 57. Kf2 Rd2+ 58. Kf3 Qe2+ 59.
Kg3 Qf2# 0-1

[Event "DVM U12 2019"]
[Site "Magdeburg GER"]
[Date "2019.12.29"]
[Round "5"]
[White "Rumpold, Jaron"]
[Black "Herter, Arne"]
[Result "0-1"]
[Termination "normal"]
[Board "4.2"]
[WhiteElo "1123"]
[BlackElo "1417"]
[WhiteTeam "SV Roter Turm Halle"]
[BlackTeam "Schachzwerge Magdeburg"]
[PlyCount "94"]
[WhiteFideId "16265793"]
[BlackFideId "16255372"]
[EventCountry "GER"]
[EventRounds "7"]
[EventType "team-swiss"]
[EventDate "2019.12.26"]

1. d4 Nf6 2. c4 g6 3. Nc3 Bg7 4. Nf3 O-O 5. e4 d6 6. Be2 e5 7. O-O Nc6 8. d5
Ne7 9. Be3 Nd7 10. b4 f5 11. exf5 gxf5 12. Ng5 Nf6 13. f4 h6 14. fxe5 hxg5 15.
exf6 Bxf6 16. Rc1 f4 17. Bf2 Nf5 18. Ne4 Qe7 19. Nxf6+ Rxf6 20. c5 dxc5 21.
bxc5 Ne3 22. Bxe3 Qxe3+ 23. Kh1 Rh6 24. Bg4 Qg3 25. Bh3 Qh4 26. Qe1 Qh5 27. Kg1
g4 28. Rxf4 gxh3 29. g3 Bd7 30. Rh4 Qf3 31. Qf2 Qxf2+ 32. Kxf2 Rxh4 33. gxh4
Rf8+ 34. Ke3 Rf5 35. Rd1 c6 36. d6 Rxc5 37. Rg1+ Kf7 38. Rd1 Rd5 39. Rxd5 cxd5
40. Kd4 Ke6 41. h5 Kxd6 42. h6 Bf5 43. Ke3 Be4 44. Kf4 a5 45. a4 Ke6 46. Kg3 d4
47. Kf4 Bh7 0-1

[Event "DVM U12 2019"]
[Site "Magdeburg GER"]
[Date "2019.12.29"]
[Round "5"]
[White "Petzold, Johannes Julius"]
[Black "Adelmeyer, Nelly"]
[Result "0-1"]
[Termination "normal"]
[Board "4.3"]
[WhiteElo "1449"]
[BlackElo "1453"]
[WhiteTeam "Schachzwerge Magdeburg"]
[BlackTeam "SV Roter Turm Halle"]
[PlyCount "84"]
[WhiteFideId "16289455"]
[BlackFideId "16203577"]
[EventCountry "GER"]
[EventRounds "7"]
[EventType "team-swiss"]
[EventDate "2019.12.26"]

1. e4 e6 2. d4 d5 3. Nd2 Nf6 4. e5 Nfd7 5. Bd3 c5 6. c3 Nc6 7. Ne2 Qb6 8. Nf3
Be7 9. O-O O-O 10. b3 Re8 11. Bb2 Nf8 12. Qd2 f6 13. exf6 Bxf6 14. Qf4 e5 15.
dxe5 Nxe5 16. Nxe5 Bxe5 17. Qg5 Qd6 18. f4 Bf6 19. Qg3 Qb6 20. Rf2 c4 21. Qf3
cxd3 22. Qxd5+ Kh8 23. Qxd3 Bg4 24. Ng3 Rad8 25. Qc2 Ng6 26. Kh1 Bh4 27. Raf1
Qe3 28. f5 Ne5 29. c4 Bxg3 30. hxg3 Qxg3 31. f6 Qh4+ 32. Kg1 Qh5 33. fxg7+ Kg8
34. Bxe5 Qxe5 35. Rf7 Rd7 36. Qf2 Qe3 37. Rf8+ Kxg7 38. Rxe8 Qxe8 39. Qf6+ Kg8
40. Qf4 Bh5 41. Qg5+ Qg6 42. Qb5 Qb6+ 0-1

[Event "DVM U12 2019"]
[Site "Magdeburg GER"]
[Date "2019.12.29"]
[Round "5"]
[White "Spinka, Georg Kamil"]
[Black "Knoche, Maurice Michael"]
[Result "1-0"]
[Termination "normal"]
[Board "4.4"]
[WhiteElo "1338"]
[BlackElo "1072"]
[WhiteTeam "SV Roter Turm Halle"]
[BlackTeam "Schachzwerge Magdeburg"]
[PlyCount "151"]
[WhiteFideId "16297962"]
[BlackFideId "16297989"]
[EventCountry "GER"]
[EventRounds "7"]
[EventType "team-swiss"]
[EventDate "2019.12.26"]

1. d4 d5 2. Bf4 Nf6 3. Nf3 Bf5 4. e3 e6 5. Nbd2 Bb4 6. c3 Bd6 7. Bg3 O-O 8. Be2
Nc6 9. Ne5 Bxe5 10. dxe5 Ne4 11. Nf3 Nxg3 12. hxg3 Be4 13. Bd3 a5 14. Qc2 Bxd3
15. Qxd3 h6 16. g4 f6 17. Qg6 fxe5 18. Nxe5 Qf6 19. Qxf6 gxf6 20. Nxc6 bxc6 21.
Rxh6 Kg7 22. Rh1 Rab8 23. O-O-O Rb7 24. f3 Rfb8 25. Rd2 a4 26. a3 Kg6 27. Re1
c5 28. e4 d4 29. cxd4 cxd4 30. Ree2 c5 31. e5 f5 32. gxf5+ Kxf5 33. Re4 Rb3 34.
Rc2 Rc8 35. Kd1 d3 36. Rd2 c4 37. Ke1 c3 38. bxc3 Rcxc3 39. g4+ Kg5 40. Rxa4
Rxa3 41. Rd4 Rab3 42. Kf2 Rc2 43. Ke3 Rxd2 44. Kxd2 Rb5 45. Rxd3 Rxe5 46. Re3
Rd5+ 47. Ke2 e5 48. Kf2 Kf4 49. Re4+ Kg5 50. Kg3 Rd4 51. Rxe5+ Kf6 52. f4 Rd3+
53. Kh4 Rd8 54. g5+ Kg6 55. Kg4 Rf8 56. Re6+ Kf7 57. Rf6+ Kg7 58. Rxf8 Kxf8 59.
f5 Kg7 60. Kh5 Kh7 61. f6 Kg8 62. g6 Kf8 63. Kh6 Kg8 64. f7+ Kf8 65. Kh7 Ke7
66. g7 Kxf7 67. g8=Q+ Kf6 68. Qg4 Kf7 69. Qg6+ Kf8 70. Qg7+ Ke8 71. Kg6 Kd8 72.
Kf6 Kc8 73. Ke6 Kb8 74. Kd6 Ka8 75. Kc6 Kb8 76. Qb7# 1-0

[Event "DVM U12 2019"]
[Site "Magdeburg GER"]
[Date "2019.12.29"]
[Round "5"]
[White "Hecht, Jonas Christian"]
[Black "Bock, Marlon"]
[Result "0-1"]
[Termination "normal"]
[Board "5.1"]
[WhiteElo "1754"]
[BlackElo "1708"]
[WhiteTeam "SC Kreuzberg e.V."]
[BlackTeam "SSV Vimaria 91 Weimar"]
[PlyCount "122"]
[WhiteFideId "16214846"]
[BlackFideId "16244931"]
[EventCountry "GER"]
[EventRounds "7"]
[EventType "team-swiss"]
[EventDate "2019.12.26"]

1. e4 d5 2. exd5 Qxd5 3. Nc3 Qa5 4. d4 Nf6 5. Bc4 Nc6 6. Bd2 Qb4 7. b3 e5 8.
dxe5 Nxe5 9. Nd5 Qd6 10. Bb4 c5 11. Nxf6+ gxf6 12. Bb5+ Bd7 13. Bxd7+ Qxd7 14.
Qxd7+ Kxd7 15. O-O-O+ Kc6 16. Bc3 Ng4 17. Nh3 Bh6+ 18. Kb2 Rhe8 19. Rd3 Rad8
20. Rxd8 Rxd8 21. Re1 b5 22. Ba5 Rd7 23. a4 b4 24. Re8 Bd2 25. Rc8+ Kd6 26. f3
Ne5 27. Nf2 f5 28. Bd8 Ke6 29. f4 Bxf4 30. Bc7 Rxc7 31. Rxc7 Nc4+ 32. bxc4 Bxc7
33. Nd3 Be5+ 34. Kb3 Bd4 35. a5 f6 36. a6 Kd6 37. Ka4 Kc6 38. Ka5 Bc3 39. Ka4
Kb6 40. h4 Bd4 41. h5 Kxa6 42. Ne1 Kb6 43. Nd3 Be5 44. Ne1 f4 45. Nd3 Bc7 46.
Nf2 f5 47. h6 f3 48. gxf3 Bf4 49. Nh1 Bxh6 50. Ng3 f4 51. Ne4 Bg7 52. Ng5 h5
53. Nh3 Bh6 54. Kb3 Kc6 55. Ka4 Kd6 56. Kb5 a6+ 57. Kxa6 Ke5 58. Kb5 Kd4 59.
Kc6 Kxc4 60. Ng1 h4 61. Kb6 Bf8 0-1

[Event "DVM U12 2019"]
[Site "Magdeburg GER"]
[Date "2019.12.29"]
[Round "5"]
[White "Krömer, Emanuel"]
[Black "Held, Momme Fredrik"]
[Result "0-1"]
[Termination "normal"]
[Board "5.2"]
[WhiteElo "1459"]
[BlackElo "1573"]
[WhiteTeam "SSV Vimaria 91 Weimar"]
[BlackTeam "SC Kreuzberg e.V."]
[PlyCount "56"]
[WhiteFideId "16287070"]
[BlackFideId "16237692"]
[EventCountry "GER"]
[EventRounds "7"]
[EventType "team-swiss"]
[EventDate "2019.12.26"]

1. d4 d5 2. Nf3 e6 3. e3 f5 4. Bd3 Nf6 5. c4 c6 6. O-O Bd6 7. b3 O-O 8. Ba3 Ne4
9. Bxd6 Qxd6 10. Nbd2 Nd7 11. Qc2 Qe7 12. Ne5 Nxe5 13. dxe5 Rd8 14. Rad1 b6 15.
f4 Qc5 16. Rf3 Ba6 17. Rh3 Rd7 18. Bxe4 dxe4 19. Kf2 Rad8 20. Nxe4 fxe4 21.
Rxd7 Rxd7 22. Qxe4 g6 23. g4 Qb4 24. Qxc6 Qd2+ 25. Kf1 Qd1+ 26. Kf2 Rd2+ 27.
Kg3 Qe1+ 28. Kf3 Qh1+ 0-1

[Event "DVM U12 2019"]
[Site "Magdeburg GER"]
[Date "2019.12.29"]
[Round "5"]
[White "Lieske, Aaron"]
[Black "Bock, Leonas"]
[Result "0-1"]
[Termination "normal"]
[Board "5.3"]
[WhiteElo "1493"]
[BlackElo "1226"]
[WhiteTeam "SC Kreuzberg e.V."]
[BlackTeam "SSV Vimaria 91 Weimar"]
[PlyCount "90"]
[WhiteFideId "16297938"]
[BlackFideId "16287118"]
[EventCountry "GER"]
[EventRounds "7"]
[EventType "team-swiss"]
[EventDate "2019.12.26"]

1. e4 d5 2. exd5 Qxd5 3. Nc3 Qa5 4. d4 Nf6 5. Bc4 Nc6 6. Bd2 Nxd4 7. Nb5 Qb6 8.
Be3 e5 9. c3 Qc6 10. cxd4 Qxc4 11. a4 Bd6 12. Nf3 e4 13. Ne5 Qe6 14. Qc2 c6 15.
Nxd6+ Qxd6 16. O-O O-O 17. Rad1 Re8 18. Rfe1 Bf5 19. Qb3 Re7 20. Bf4 Qd5 21.
Qg3 Kh8 22. Bg5 Rg8 23. h3 c5 24. Nf3 h6 25. Bh4 Re6 26. Bxf6 gxf6 27. Qh4 exf3
28. Qxh6+ Bh7 29. dxc5 fxg2 30. Qf4 Qf5 31. Qh4 Qg5 32. Qd4 Bg6 33. Qb4 Qh5 34.
Qc3 Bf5 35. Rxe6 Bxe6 36. Qxf6+ Rg7 37. Rd8+ Kh7 38. Rd4 Rg6 39. Rh4 Rxf6 40.
Rxh5+ Kg6 41. Rh8 Bd5 42. Rd8 Rf5 43. Rd7 Re5 44. Kh2 Re1 45. Rd6+ Kg7 0-1

[Event "DVM U12 2019"]
[Site "Magdeburg GER"]
[Date "2019.12.29"]
[Round "5"]
[White "Stadelmann, Constantin"]
[Black "Koulouris, Fabian"]
[Result "0-1"]
[Termination "normal"]
[Board "5.4"]
[WhiteElo "1295"]
[BlackElo "1261"]
[WhiteTeam "SSV Vimaria 91 Weimar"]
[BlackTeam "SC Kreuzberg e.V."]
[PlyCount "116"]
[WhiteFideId "16297970"]
[BlackFideId "16297946"]
[EventCountry "GER"]
[EventRounds "7"]
[EventType "team-swiss"]
[EventDate "2019.12.26"]

1. d4 Nf6 2. Nf3 g6 3. Nc3 Bg7 4. e4 d6 5. Be3 Nbd7 6. Qd2 O-O 7. Bh6 c5 8.
Bxg7 Kxg7 9. O-O-O cxd4 10. Qxd4 Nc5 11. e5 Nfd7 12. e6+ Nf6 13. exf7 Kxf7 14.
Bc4+ Kg7 15. h4 Bg4 16. Rde1 Bxf3 17. gxf3 e5 18. Qd2 Nh5 19. Ne4 Nxe4 20. fxe4
Qf6 21. Rd1 Rad8 22. Rh2 Qf4 23. f3 Qxd2+ 24. Rhxd2 Rf6 25. b4 Kf8 26. a4 Ke7
27. Bd5 b6 28. c4 Rxf3 29. Kb2 Nf6 30. Bc6 Re3 31. c5 bxc5 32. bxc5 Nxe4 33.
Bxe4 Rxe4 34. Kb3 Rxh4 35. cxd6+ Ke6 36. d7 Rd4 37. Rxd4 exd4 38. Rxd4 Rxd7 39.
Rh4 h5 40. Rh1 Rd5 41. Kc4 Rf5 42. Kd4 Rf4+ 43. Kd3 Rxa4 44. Re1+ Kf5 45. Rf1+
Kg5 46. Rg1+ Rg4 47. Ra1 Kh4 48. Rxa7 Rg3+ 49. Ke2 g5 50. Kf2 g4 51. Ra1 Rb3
52. Rh1+ Rh3 53. Rxh3+ Kxh3 54. Kg1 Kg3 55. Kh1 Kf2 56. Kh2 g3+ 57. Kh1 g2+ 58.
Kh2 g1=Q+ 0-1

[Event "DVM U12 2019"]
[Site "Magdeburg GER"]
[Date "2019.12.29"]
[Round "5"]
[White "Kliffken, Julian"]
[Black "Schön, Florian"]
[Result "0-1"]
[Termination "normal"]
[Board "6.1"]
[WhiteElo "1476"]
[BlackElo "1713"]
[WhiteTeam "Schachgemeinschaft Porz e. V."]
[BlackTeam "BSG Grün-Weiß Leipzig e. V."]
[PlyCount "118"]
[WhiteFideId "16298071"]
[BlackFideId "16259394"]
[EventCountry "GER"]
[EventRounds "7"]
[EventType "team-swiss"]
[EventDate "2019.12.26"]

1. d4 d5 2. Nc3 Nf6 3. Bg5 e6 4. e4 dxe4 5. Nxe4 Be7 6. Bxf6 Bxf6 7. Nxf6+ Qxf6
8. Bd3 O-O 9. Nf3 Nc6 10. O-O e5 11. dxe5 Nxe5 12. Nxe5 Qxe5 13. c3 Be6 14. Qc2
h6 15. Rfe1 Qg5 16. Re3 Rad8 17. c4 Bg4 18. Rg3 Qh4 19. Qc3 g6 20. h3 Bh5 21.
Re1 Qd4 22. Qxd4 Rxd4 23. b3 Rfd8 24. Be2 Bxe2 25. Rxe2 Rd1+ 26. Kh2 Kf8 27.
Rge3 R1d2 28. Kg3 R8d3 29. Kf3 Rxe3+ 30. Kxe3 Rxe2+ 31. Kxe2 Ke7 32. Ke3 Ke6
33. Ke4 c5 34. f4 a6 35. g4 g5 36. f5+ Kd6 37. a3 a5 38. a4 f6 39. Kd3 Ke5 40.
Ke3 b6 41. Kd3 Kf4 42. Ke2 Ke4 43. Kf2 Kd3 44. Kf3 Kd4 45. Ke2 Kc3 46. Ke3 Kxb3
47. Ke4 Kxc4 48. Ke3 b5 49. axb5 Kxb5 50. Ke4 Kc4 51. Ke3 a4 52. Kd2 a3 53. Kc2
Kb4 54. Kb1 Kb3 55. Ka1 c4 56. Kb1 c3 57. Ka1 Kc2 58. Ka2 Kd2 59. Kxa3 c2 0-1

[Event "DVM U12 2019"]
[Site "Magdeburg GER"]
[Date "2019.12.29"]
[Round "5"]
[White "Englert, Luca"]
[Black "Marcziter, Alex"]
[Result "1/2-1/2"]
[Termination "normal"]
[Board "6.2"]
[WhiteElo "1632"]
[BlackElo "1335"]
[WhiteTeam "BSG Grün-Weiß Leipzig e. V."]
[BlackTeam "Schachgemeinschaft Porz e. V."]
[PlyCount "81"]
[WhiteFideId "16293088"]
[BlackFideId "16258126"]
[EventCountry "GER"]
[EventRounds "7"]
[EventType "team-swiss"]
[EventDate "2019.12.26"]

1. e4 e5 2. Nf3 Nc6 3. Bb5 a6 4. Bxc6 dxc6 5. h3 Bd6 6. O-O Ne7 7. d4 Ng6 8.
dxe5 Nxe5 9. Nxe5 Bxe5 10. Qxd8+ Kxd8 11. f4 Bf6 12. e5 Be7 13. Be3 Bf5 14. c3
Kc8 15. Nd2 b6 16. Nb3 h5 17. Rae1 c5 18. Bf2 Bd3 19. e6 fxe6 20. Rxe6 Bxf1 21.
Rxe7 Bc4 22. Rxg7 Kb7 23. f5 Rag8 24. Rxg8 Rxg8 25. Bh4 Bd5 26. g3 Rf8 27. f6
Kc6 28. g4 hxg4 29. hxg4 Kd6 30. Kf2 Ke6 31. Kg3 Rxf6 32. Bxf6 Kxf6 33. Kf4 Be6
34. Nc1 b5 35. a3 Bd7 36. Nd3 c4 37. g5+ Kg7 38. Nc5 Bc8 39. Ne4 Kg6 40. Nf6
Bb7 41. Ne8 1/2-1/2

[Event "DVM U12 2019"]
[Site "Magdeburg GER"]
[Date "2019.12.29"]
[Round "5"]
[White "Wegener, Moritz"]
[Black "Vecera, Fabio"]
[Result "0-1"]
[Termination "normal"]
[Board "6.3"]
[WhiteElo "1226"]
[BlackElo "1529"]
[WhiteTeam "Schachgemeinschaft Porz e. V."]
[BlackTeam "BSG Grün-Weiß Leipzig e. V."]
[PlyCount "44"]
[WhiteFideId "16298080"]
[BlackFideId "16281705"]
[EventCountry "GER"]
[EventRounds "7"]
[EventType "team-swiss"]
[EventDate "2019.12.26"]

1. e4 Nf6 2. Nc3 d5 3. exd5 Nxd5 4. Nge2 b6 5. g3 Bb7 6. d4 Nxc3 7. Nxc3 Bxh1
8. f3 e5 9. d5 Qf6 10. f4 Bb4 11. Bb5+ c6 12. dxc6 Bxc6 13. a3 Bxc3+ 14. bxc3
Bxb5 15. h4 O-O 16. Qf3 e4 17. Qg4 Qxc3+ 18. Bd2 Qxa1+ 19. Kf2 Qf1+ 20. Ke3
Qg1+ 21. Kxe4 Re8+ 22. Kf3 Be2# 0-1

[Event "DVM U12 2019"]
[Site "Magdeburg GER"]
[Date "2019.12.29"]
[Round "5"]
[White "Pauscher, Moritz"]
[Black "Bröcker, David"]
[Result "1-0"]
[Termination "normal"]
[Board "6.4"]
[WhiteElo "1018"]
[BlackElo "1168"]
[WhiteTeam "BSG Grün-Weiß Leipzig e. V."]
[BlackTeam "Schachgemeinschaft Porz e. V."]
[PlyCount "71"]
[WhiteFideId "16265742"]
[BlackFideId "16298098"]
[EventCountry "GER"]
[EventRounds "7"]
[EventType "team-swiss"]
[EventDate "2019.12.26"]

1. e4 e6 2. d4 d5 3. exd5 exd5 4. Bf4 Nf6 5. h3 Bf5 6. Nf3 Nc6 7. Bb5 Qd7 8.
O-O O-O-O 9. Ne5 Qe6 10. Nxc6 bxc6 11. Ba6+ Kb8 12. Re1 Qd7 13. c3 Ka8 14. Nd2
Bd6 15. Bg5 Bxh3 16. gxh3 Qxh3 17. Qf3 Qxf3 18. Nxf3 Rb8 19. Rab1 Ne4 20. Bh4
h6 21. Kg2 g5 22. Bg3 Bxg3 23. fxg3 g4 24. Ne5 f5 25. Nxc6 Rb6 26. Nb4 Rf8 27.
Nxd5 Rd6 28. Bc4 Nd2 29. Re8+ Rd8 30. Rxf8 Rxf8 31. Nxc7+ Kb7 32. Ne6 Rc8 33.
Bd5+ Kb8 34. Rd1 Ne4 35. Bxe4 Re8 36. Bxf5 1-0